Future Value of an Annuity - Certain as a Solution of a Difference Equation

Využitie rozličných kalkulácií v matematike financií. Kalkulácia anuity. Nehomogénne lineárne diferenciálne rovnice.

Enregistré dans:
Détails bibliographiques
Auteur principal: Sakálová, Katarína, 1955-
Autres auteurs: Peller, František
Format: Chapitre de livre
Langue:anglais
Sujets:
Tags: Ajouter un tag
Pas de tags, Soyez le premier à ajouter un tag!

MARC

LEADER 00000nla$a2200000$$$4500
001 0087239
005 20240502071959.6
041 0 |a eng 
044 |a RS 
245 1 0 |a Future Value of an Annuity - Certain as a Solution of a Difference Equation  |c Katarína Sakálová, František Peller 
520 |a Využitie rozličných kalkulácií v matematike financií. Kalkulácia anuity. Nehomogénne lineárne diferenciálne rovnice. 
610 2 0 |a anuita 
610 2 0 |a matematika finančná 
610 2 0 |a metódy matematické 
610 2 0 |a kalkulácia 
100 1 |a Sakálová, Katarína, 1955- 
700 1 |a Peller, František